LDR 00759naa#a2200181#i#450# 001 EN\\bibl\119874 005 20260607170119.7 011 ## _a2500-4026 100 ## _a20181231b2018####ek#y0engy0150####ca 101 0# _aRUS 102 ## _aRU 200 1# _aWAYS TO CONTROL THE RADIATION SITUATION FOR SYSTEMS OF INTEGRATED SECURITY OF TERRITORIES _eJournal article 210 1# _aZheleznogorsk _cFSBEE HE Siberian Fire and Rescue Academy EMERCOM of Russia _d2018 215 ## _a2 с. 608 ## _aJournal article _2local 675 ## _aОбщие вопросы математических и естественных наук. 50 _aНауки об окружающей среде. Энвиронментология. 504 _zRUS 700 #1 _aSergeev _gI YU 856 4# _aapbt-sibpsa.editorum.ru _u